|
|
|
|
| LEADER |
00682nab a2200205 i 4500 |
| 001 |
publ30439 |
| 005 |
20250204141338.0 |
| 008 |
250204s2008 hu o 000 hun d |
| 022 |
|
|
|a 0133-5464
|
| 024 |
7 |
|
|a 1882677
|2 mtmt
|
| 040 |
|
|
|a SZTE Publicatio Repozitórium
|b hun
|
| 041 |
|
|
|a hun
|
| 100 |
1 |
|
|a Magony Sándor
|
| 245 |
1 |
0 |
|a Daganatos betegségek endokrin megnyilvánulásai - áttekintés
|h [elektronikus dokumentum] /
|c Magony Sándor
|
| 260 |
|
|
|c 2008
|
| 300 |
|
|
|a 166-170
|
| 490 |
0 |
|
|a MAGYAR BELORVOSI ARCHIVUM
|v 61 No. 3
|
| 650 |
|
4 |
|a Klinikai orvostan
|
| 700 |
0 |
1 |
|a Julesz János
|e aut
|
| 856 |
4 |
0 |
|u http://publicatio.bibl.u-szeged.hu/30439/1/aok_klny_524_08.pdf
|z Dokumentum-elérés
|